[Event "Mecklenburg VP VL1819"]
[Site "Mecklenburg VP"]
[Date "2019.03.10"]
[Round "7.3"]
[White "Hingst, Silke"]
[Black "Focke, Adrian"]
[Result "0-1"]
[WhiteElo "1844"]
[BlackElo "1808"]
[PlyCount "142"]
[EventDate "2018.10.21"]
[EventType "team-tourn"]
[EventRounds "9"]
[EventCountry "GER"]
[SourceTitle "EXT 2022"]
[Source "ChessBase"]
[SourceDate "2021.10.06"]
[SourceVersion "1"]
[SourceVersionDate "2021.10.06"]
[SourceQuality "1"]
[WhiteTeam "Rostock SSC 07"]
[BlackTeam "Schwerin SF III"]
[WhiteTeamCountry "GER"]
[BlackTeamCountry "GER"]

1. e4 c5 2. d4 cxd4 3. c3 d3 4. Bxd3 e6 5. Nf3 d6 6. 0-0 Nf6 7. Bf4 Nbd7 8. Bc2 Qc7 9. Re1 e5 10. Bg5 a6 11. Bb3 Be7 12. Nbd2 Nc5 13. Bc2 b5 14. a4 Bb7 15. axb5 axb5 16. Qe2 Rxa1 17. Rxa1 Bc6 18. Be3 0-0 19. c4 Rb8 20. b4 Ncxe4 21. Nxe4 Nxe4 22. Bxe4 Bxe4 23. cxb5 Qc3 24. Ra7 Bd8 25. Bd2 Qc2 26. Ne1 Qb1 27. Qc4 d5 28. Qc6 Bf6 29. Ra8 Rf8 30. Rxf8+ Kxf8 31. Qc8+ Ke7 32. Qc5+ Ke6 33. Qc8+ Kd6 34. f3 Qd1 35. Qc5+ Ke6 36. Qc6+ Ke7 37. Qc7+ Ke8 38. Qc8+ Bd8 39. Qc6+ Ke7 40. Qc5+ Ke6 41. Qc6+ Ke7 42. fxe4 Qxd2 43. Qc5+ Ke6 44. Nf3 Qd1+ 45. Kf2 f6 46. Qc6+ Ke7 47. exd5 Qd3 48. b6 e4 49. Qe6+ Kf8 50. Qd6+ Be7 51. Qe6 exf3 52. gxf3 Qd2+ 53. Kf1 Qd1+ 54. Kg2 Qd2+ 55. Kh3 Qh6+ 56. Kg4 Qg5+ 57. Kh3 Qh5+ 58. Kg3 Qe5+ 59. Qxe5 fxe5 60. b7 Bd6 61. Kg4 Kf7 62. Kf5 h6 63. b5 g6+ 64. Ke4 Ke7 65. Kd3 Bb8 66. h4 Kd6 67. Kc4 Bc7 68. Kb4 Kxd5 69. b6 Bb8 70. Kb5 Kd6 71. Kc4 Kc6 0-1

[Event "Mecklenburg VP VL1819"]
[Site "Mecklenburg VP"]
[Date "2018.11.25"]
[Round "3.3"]
[White "Focke, Adrian"]
[Black "Glawe, Hartmut"]
[Result "1/2-1/2"]
[WhiteElo "1808"]
[BlackElo "1942"]
[PlyCount "75"]
[EventDate "2018.10.21"]
[EventType "team-tourn"]
[EventRounds "9"]
[EventCountry "GER"]
[SourceTitle "EXT 2022"]
[Source "ChessBase"]
[SourceDate "2021.10.06"]
[SourceVersion "1"]
[SourceVersionDate "2021.10.06"]
[SourceQuality "1"]
[WhiteTeam "Schwerin SF III"]
[BlackTeam "Stralsund FHSG"]
[WhiteTeamCountry "GER"]
[BlackTeamCountry "GER"]

1. e4 c5 2. Nf3 d6 3. d4 cxd4 4. Nxd4 Nf6 5. Nc3 a6 6. Be2 e5 7. Nb3 Be6 8. 0-0 Nbd7 9. f4 Rc8 10. Kh1 Qc7 11. Be3 Be7 12. Rc1 b5 13. a3 Nb6 14. Nd2 Rd8 15. Qe1 0-0 16. Qf2 Rb8 17. Qg3 Nc4 18. Nxc4 Bxc4 19. Rf2 Bxe2 20. Rxe2 Nh5 21. Qg4 Nxf4 22. Bxf4 exf4 23. Qxf4 Qc4 24. Qg4 f5 25. Qf3 fxe4 26. Qxe4 Bf6 27. Qd3 Be5 28. Rd1 Qf7 29. Ree1 Qh5 30. h3 Qh4 31. Rf1 Rf4 32. Ne2 Rf2 33. Rxf2 Qxf2 34. Nd4 Rc8 35. b3 Bxd4 36. Qxd4 Qxd4 37. Rxd4 Rxc2 38. Rxd6 1/2-1/2

[Event "Mecklenburg VP VL1819"]
[Site "Mecklenburg VP"]
[Date "2018.11.11"]
[Round "2.3"]
[White "Lenz, Rudi"]
[Black "Focke, Adrian"]
[Result "1/2-1/2"]
[WhiteElo "2115"]
[BlackElo "1808"]
[PlyCount "74"]
[EventDate "2018.10.21"]
[EventType "team-tourn"]
[EventRounds "9"]
[EventCountry "GER"]
[SourceTitle "EXT 2022"]
[Source "ChessBase"]
[SourceDate "2021.10.06"]
[SourceVersion "1"]
[SourceVersionDate "2021.10.06"]
[SourceQuality "1"]
[WhiteTeam "Greifswald II"]
[BlackTeam "Schwerin SF III"]
[WhiteTeamCountry "GER"]
[BlackTeamCountry "GER"]

1. Nf3 e6 2. b3 d5 3. Bb2 Nf6 4. e3 Be7 5. c4 0-0 6. Nc3 b6 7. Be2 Bb7 8. 0-0 c5 9. d4 dxc4 10. bxc4 cxd4 11. exd4 Nc6 12. Rc1 Rc8 13. Qd3 Na5 14. Nd2 Qd7 15. Nb5 a6 16. Nc3 Rfd8 17. Nd1 Ne8 18. Bf3 Bxf3 19. Nxf3 Bf6 20. Ne3 Nc6 21. Rfd1 Ne7 22. Qb3 Qc7 23. Ng4 Nc6 24. Nxf6+ Nxf6 25. Qa4 Na5 26. d5 Nxc4 27. Bxf6 gxf6 28. dxe6 Rxd1+ 29. Rxd1 fxe6 30. Qxa6 Nd6 31. h3 Nf5 32. a4 Ne7 33. Nd4 e5 34. Ne2 Qc4 35. Rd8+ Kf7 36. Qxc4+ Rxc4 37. Rb8 Rxa4 1/2-1/2

[Event "Youth District Germany"]
[Site "Wuerzburg"]
[Date "2018.10.04"]
[Round "3.5"]
[White "Focke, Adrian"]
[Black "Halas, Julia"]
[Result "1-0"]
[WhiteElo "1804"]
[BlackElo "1972"]
[PlyCount "70"]
[EventDate "2018.10.02"]
[EventType "team-swiss"]
[EventRounds "7"]
[EventCountry "GER"]
[SourceTitle "CBM 186 Extra"]
[Source "ChessBase"]
[SourceDate "2018.08.24"]
[SourceVersion "1"]
[SourceVersionDate "2018.08.24"]
[SourceQuality "1"]
[WhiteTeam "Mecklenburg-Vorpommern U20"]
[BlackTeam "Sachsen U20"]
[WhiteTeamCountry "GER"]
[BlackTeamCountry "GER"]

1. e4 e6 2. d4 d5 3. exd5 exd5 4. Bd3 c5 5. dxc5 Bxc5 6. Nf3 Nf6 7. Bf4 0-0 8. 0-0 Nc6 9. c3 Bg4 10. h3 Bh5 11. Nbd2 Re8 12. Qc2 Bg6 13. Bxg6 hxg6 14. Rfe1 Qb6 15. Nb3 Be7 16. Re2 Rac8 17. Qd3 Rcd8 18. Rae1 Ne4 19. Nfd2 f5 20. Nf3 a5 21. Nbd4 Bc5 22. Be3 a4 23. Ng5 Ne5 24. Qc2 Nc4 25. Ngf3 Nxe3 26. Rxe3 Rc8 27. R3e2 a3 28. bxa3 Bxd4 29. Nxd4 Rxc3 30. Qxc3 Nxc3 31. Rxe8+ Kh7 32. Nf3 Ne4 33. R1xe4 dxe4 34. Ng5+ Kh6 35. Nf7+ Kh5 1-0

[Event "Youth District Germany"]
[Site "Wuerzburg"]
[Date "2018.10.03"]
[Round "1.5"]
[White "Ley, Sabrina"]
[Black "Focke, Adrian"]
[Result "1-0"]
[WhiteElo "1902"]
[BlackElo "1804"]
[PlyCount "127"]
[EventDate "2018.10.02"]
[EventType "team-swiss"]
[EventRounds "7"]
[EventCountry "GER"]
[SourceTitle "CBM 186 Extra"]
[Source "ChessBase"]
[SourceDate "2018.08.24"]
[SourceVersion "1"]
[SourceVersionDate "2018.08.24"]
[SourceQuality "1"]
[WhiteTeam "Rheinland Pfalz U20"]
[BlackTeam "Mecklenburg-Vorpommern U20"]
[WhiteTeamCountry "GER"]
[BlackTeamCountry "GER"]

1. e4 c5 2. Nc3 e6 3. Nge2 Nc6 4. g3 g6 5. d4 cxd4 6. Nxd4 Bg7 7. Ndb5 Nf6 8. Nd6+ Kf8 9. Be3 a6 10. Na4 b5 11. Nb6 Rb8 12. Nbxc8 Rxc8 13. Nxc8 Qxc8 14. Bg2 h5 15. h3 d5 16. exd5 Nxd5 17. Bxd5 exd5 18. c3 Qe6 19. Qd2 d4 20. cxd4 Bxd4 21. 0-0 Bf6 22. h4 Ne5 23. Bc5+ Kg7 24. Qe3 Qc6 25. f3 Rd8 26. Rac1 Nc4 27. Qf2 Rd2 28. Qxd2 Qxc5+ 29. Kg2 Ne3+ 30. Kh1 Nxf1 31. Rxf1 Qe5 32. Kg2 Qxb2 33. Qxb2 Bxb2 34. Rd1 b4 35. Rd6 a5 36. Ra6 Bc3 37. Kf2 Bd2 38. Ke2 Bc3 39. Kf1 Bd2 40. Ke2 Bc3 41. Ra7 Be5 42. g4 hxg4 43. fxg4 Bf6 44. h5 Bd8 45. Kf3 Kh6 46. Rd7 Bg5 47. Rxf7 gxh5 48. gxh5 Kxh5 49. Ra7 Bd8 50. Ra8 Bc7 51. Ke4 Kg6 52. Kd5 Kf6 53. Kc6 Be5 54. Rxa5 Bc3 55. Rd5 Ke6 56. Rh5 Ke7 57. Kc5 Ke6 58. Kc4 Kd6 59. a3 Kc6 60. axb4 Be1 61. Rh6+ Kc7 62. Kb5 Bd2 63. Rh2 Be1 64. Re2 1-0

[Event "GER-ch U18"]
[Site "Willingen"]
[Date "2018.05.25"]
[Round "8"]
[White "Degenhard, Simon"]
[Black "Focke, Adrian"]
[Result "1-0"]
[WhiteElo "2189"]
[BlackElo "1775"]
[PlyCount "91"]
[EventDate "2018.05.19"]
[EventType "swiss"]
[EventRounds "9"]
[EventCountry "GER"]
[SourceTitle "CBM 184 Extra"]
[Source "ChessBase"]
[SourceDate "2018.06.28"]
[SourceVersion "1"]
[SourceVersionDate "2018.06.28"]
[SourceQuality "1"]

1. e4 c5 2. Nf3 e6 3. d4 cxd4 4. Nxd4 a6 5. Bd3 Nf6 6. 0-0 Qc7 7. Qe2 d6 8. Kh1 Nbd7 9. f4 b6 10. c4 Bb7 11. Nd2 g6 12. b3 Bg7 13. Bb2 0-0 14. Rae1 Nc5 15. Bc2 e5 16. fxe5 dxe5 17. N4f3 Nh5 18. Rd1 Rad8 19. Nb1 Bc6 20. Nc3 f6 21. Qe3 Nf4 22. g3 Nfe6 23. b4 Nd7 24. Bb3 Rfe8 25. Nd5 Qb7 26. Rd2 Kh8 27. h3 Bf8 28. a3 a5 29. Bc3 axb4 30. axb4 Ra8 31. Nh2 Bg7 32. Ng4 Rf8 33. Rdf2 Ng5 34. Kh2 Nxe4 35. Qxe4 f5 36. Qe2 fxg4 37. Qxg4 Ra3 38. Qd1 b5 39. Rxf8+ Nxf8 40. cxb5 Qxb5 41. Rxf8+ Bxf8 42. Bxe5+ Bg7 43. Bxg7+ Kxg7 44. Qd4+ Kg8 45. Nc7+ Rxb3 46. Nxb5 1-0

[Event "GER-ch U18"]
[Site "Willingen"]
[Date "2018.05.23"]
[Round "6"]
[White "Zimmer, Luca"]
[Black "Focke, Adrian"]
[Result "1/2-1/2"]
[WhiteElo "1633"]
[BlackElo "1775"]
[PlyCount "41"]
[EventDate "2018.05.19"]
[EventType "swiss"]
[EventRounds "9"]
[EventCountry "GER"]
[SourceTitle "CBM 184 Extra"]
[Source "ChessBase"]
[SourceDate "2018.06.28"]
[SourceVersion "1"]
[SourceVersionDate "2018.06.28"]
[SourceQuality "1"]

1. e4 c5 2. Nf3 e6 3. b3 d6 4. Bb5+ Nd7 5. Bb2 a6 6. Bxd7+ Qxd7 7. Nc3 Nf6 8. 0-0 Be7 9. e5 dxe5 10. Nxe5 Qc7 11. Re1 b6 12. d4 cxd4 13. Qxd4 Bb7 14. Qc4 Qxc4 15. Nxc4 b5 16. Na5 Ra7 17. Nxb7 Rxb7 18. Ne4 Nxe4 19. Rxe4 0-0 20. c4 Rc8 21. Rc1 1/2-1/2

[Event "GER-ch U18"]
[Site "Willingen"]
[Date "2018.05.22"]
[Round "4"]
[White "Schmidek, Emil"]
[Black "Focke, Adrian"]
[Result "1-0"]
[WhiteElo "2395"]
[BlackElo "1775"]
[PlyCount "65"]
[EventDate "2018.05.19"]
[EventType "swiss"]
[EventRounds "9"]
[EventCountry "GER"]
[SourceTitle "CBM 184 Extra"]
[Source "ChessBase"]
[SourceDate "2018.06.28"]
[SourceVersion "1"]
[SourceVersionDate "2018.06.28"]
[SourceQuality "1"]

1. e4 c5 2. Nf3 e6 3. d4 cxd4 4. Nxd4 a6 5. Nc3 Qc7 6. Bd3 Nf6 7. 0-0 Be7 8. Qe2 d6 9. Kh1 Nbd7 10. Bd2 b6 11. Rae1 Bb7 12. f4 0-0 13. Rf3 Nc5 14. Rh3 g6 15. g4 Rfe8 16. g5 Nh5 17. f5 exf5 18. Nxf5 Nxd3 19. cxd3 Bf8 20. Qf2 Qd7 21. Kg1 Rad8 22. Qh4 d5 23. Ng3 dxe4 24. Ncxe4 Bxe4 25. Nxe4 Bg7 26. Bc3 Bd4+ 27. Kg2 Re6 28. Qg4 Qc6 29. Rf3 Bxc3 30. bxc3 Rde8 31. Kg1 f5 32. gxf6 Nxf6 33. Nxf6+ 1-0

[Event "Mecklenburg VP-ch U18"]
[Site "Malchow"]
[Date "2018.02.07"]
[Round "6.2"]
[White "Karrasch, Lars"]
[Black "Focke, Adrian"]
[Result "0-1"]
[WhiteElo "1632"]
[BlackElo "1759"]
[PlyCount "110"]
[EventDate "2018.02.07"]
[EventType "tourn"]
[EventRounds "7"]
[EventCountry "GER"]
[SourceTitle "EXT 2022"]
[Source "ChessBase"]
[SourceDate "2021.10.06"]
[SourceVersion "1"]
[SourceVersionDate "2021.10.06"]
[SourceQuality "1"]

1. d4 Nf6 2. c4 e6 3. e3 Bb4+ 4. Bd2 c5 5. a3 Bxd2+ 6. Qxd2 cxd4 7. exd4 b6 8. Nf3 Bb7 9. Be2 0-0 10. Nc3 d6 11. 0-0 Nbd7 12. b4 a6 13. Rfc1 Re8 14. Nd1 Rc8 15. Ne3 Qe7 16. Qb2 Nh5 17. Rc3 Rf8 18. Ne1 Nf4 19. Bf3 Bxf3 20. Nxf3 e5 21. dxe5 Nxe5 22. Nxe5 Qxe5 23. Rac1 Rc6 24. Qd2 Rfc8 25. g3 Ng6 26. Re1 h6 27. Rec1 Qe4 28. Qd5 Qxd5 29. Nxd5 Kf8 30. Kg2 Ne5 31. Ne3 b5 32. c5 dxc5 33. Rxc5 Rxc5 34. Rxc5 Rxc5 35. bxc5 a5 36. f4 Nd3 37. c6 Ke7 38. Nd5+ Kd6 39. c7 Kd7 40. Kf3 Nc5 41. Ke3 Ne6 42. a4 bxa4 43. Nb6+ Kxc7 44. Nxa4 Kd6 45. Nb2 Kd5 46. g4 Nc5 47. g5 a4 48. gxh6 gxh6 49. Nd1 a3 50. Kd2 Ke4 51. Kc2 Kxf4 52. Kb1 Kf3 53. Ka2 Kg2 54. h4 Kh3 55. h5 Kh4 0-1

[Event "Mecklenburg VP VL 1718"]
[Site "Mecklenburg VP"]
[Date "2018.01.21"]
[Round "5.1"]
[White "Focke, Adrian"]
[Black "Wolke, Heiko"]
[Result "0-1"]
[WhiteElo "1900"]
[BlackElo "1988"]
[PlyCount "82"]
[EventDate "2017.10.08"]
[EventType "team-tourn"]
[EventRounds "9"]
[EventCountry "GER"]
[SourceTitle "EXT 2022"]
[Source "ChessBase"]
[SourceDate "2021.10.06"]
[SourceVersion "1"]
[SourceVersionDate "2021.10.06"]
[SourceQuality "1"]
[WhiteTeam "Schwerin SF III"]
[BlackTeam "Warnemuende SF Ostsee"]
[WhiteTeamCountry "GER"]
[BlackTeamCountry "GER"]

1. e4 c6 2. d4 d5 3. Nc3 dxe4 4. Nxe4 Nf6 5. Nxf6+ exf6 6. c3 Bd6 7. Bd3 0-0 8. Qh5 g6 9. Qh4 c5 10. Be3 cxd4 11. Bxd4 Be5 12. Bxe5 fxe5 13. Qxd8 Rxd8 14. 0-0-0 Nc6 15. Nf3 Bg4 16. Be4 f6 17. h3 Be6 18. b3 Kf7 19. Rxd8 Rxd8 20. Rd1 Ke7 21. Rxd8 Nxd8 22. Nd2 f5 23. Bd3 e4 24. Bc4 Nc6 25. Bxe6 Kxe6 26. Nc4 Ne5 27. Nxe5 Kxe5 28. Kd2 f4 29. a3 g5 30. f3 h5 31. fxe4 Kxe4 32. Ke2 g4 33. h4 b6 34. a4 a6 35. b4 b5 36. a5 Kd5 37. Kd3 f3 38. gxf3 gxf3 39. Ke3 Kc4 40. Kxf3 Kxc3 41. Kf4 Kxb4 0-1

[Event "Mecklenburg VP VL 1718"]
[Site "Mecklenburg VP"]
[Date "2017.12.10"]
[Round "4.1"]
[White "Mangold, Thomas"]
[Black "Focke, Adrian"]
[Result "1/2-1/2"]
[WhiteElo "2002"]
[BlackElo "1900"]
[PlyCount "31"]
[EventDate "2017.10.08"]
[EventType "team-tourn"]
[EventRounds "9"]
[EventCountry "GER"]
[SourceTitle "EXT 2022"]
[Source "ChessBase"]
[SourceDate "2021.10.06"]
[SourceVersion "1"]
[SourceVersionDate "2021.10.06"]
[SourceQuality "1"]
[WhiteTeam "Rostock SSC 07"]
[BlackTeam "Schwerin SF III"]
[WhiteTeamCountry "GER"]
[BlackTeamCountry "GER"]

1. g3 Nf6 2. Bg2 e6 3. Nf3 Be7 4. 0-0 0-0 5. d3 c5 6. e4 d6 7. a4 Nc6 8. c3 d5 9. Qc2 Qc7 10. Re1 dxe4 11. dxe4 e5 12. h3 h6 13. Nbd2 Be6 14. Nh4 Rfe8 15. Nf5 Bf8 16. Ne3 1/2-1/2

[Event "GER-chT Lands U20"]
[Site "Hannover"]
[Date "2017.10.04"]
[Round "7.1"]
[White "Focke, Adrian"]
[Black "Tiarks, Jann Christian"]
[Result "1/2-1/2"]
[WhiteElo "1900"]
[BlackElo "2038"]
[PlyCount "50"]
[EventDate "2017.09.29"]
[EventType "team-swiss"]
[EventRounds "7"]
[EventCountry "GER"]
[SourceTitle "EXT 2018"]
[Source "ChessBase"]
[SourceDate "2017.10.13"]
[SourceVersion "1"]
[SourceVersionDate "2017.10.13"]
[SourceQuality "1"]
[WhiteTeam "Mecklenburg Vorpommern U20"]
[BlackTeam "Brandenburg U20"]
[WhiteTeamCountry "GER"]
[BlackTeamCountry "GER"]

1. e4 c5 2. Nf3 e6 3. g3 Nc6 4. Bg2 g6 5. 0-0 Bg7 6. c3 Nge7 7. d4 d6 8. Be3 cxd4 9. cxd4 0-0 10. Nc3 b6 11. Qd2 Bb7 12. Bh6 Qd7 13. Bxg7 Kxg7 14. Rfd1 Na5 15. b3 Rac8 16. Rac1 Rc7 17. Ne1 Rfc8 18. f3 Ba6 19. Bf1 Bxf1 20. Kxf1 Nb7 21. Nd3 f6 22. Kg2 Nd8 23. h4 h5 24. Kf2 Nf7 25. Rg1 e5 1/2-1/2

[Event "GER-chT Lands U20"]
[Site "Hannover"]
[Date "2017.09.30"]
[Round "1.1"]
[White "Focke, Adrian"]
[Black "Bethke, Richard"]
[Result "0-1"]
[WhiteElo "1900"]
[BlackElo "2110"]
[PlyCount "108"]
[EventDate "2017.09.29"]
[EventType "team-swiss"]
[EventRounds "7"]
[EventCountry "GER"]
[SourceTitle "EXT 2018"]
[Source "ChessBase"]
[SourceDate "2017.10.13"]
[SourceVersion "1"]
[SourceVersionDate "2017.10.13"]
[SourceQuality "1"]
[WhiteTeam "Mecklenburg Vorpommern U20"]
[BlackTeam "Hessen U20"]
[WhiteTeamCountry "GER"]
[BlackTeamCountry "GER"]

1. e4 e5 2. Nf3 Nc6 3. Bb5 a6 4. Bxc6 dxc6 5. 0-0 f6 6. d4 exd4 7. Nxd4 c5 8. Nb3 Qxd1 9. Rxd1 Bg4 10. f3 Bd7 11. Bf4 0-0-0 12. Nc3 g5 13. Bg3 Be6 14. Rxd8+ Kxd8 15. Rd1+ Kc8 16. Kf1 b6 17. Nd5 Bxd5 18. Rxd5 c4 19. Nc1 Ne7 20. Rd1 Bg7 21. c3 f5 22. Ne2 fxe4 23. fxe4 Nc6 24. Nd4 Rd8 25. e5 Bxe5 26. Bxe5 Nxe5 27. Ke2 Nd3 28. Rf1 Nf4+ 29. Kf3 Rf8 30. Ke4 c5 31. Nf5 Re8+ 32. Kf3 Re6 33. Rf2 h5 34. Rd2 Nd3 35. Ng7 Rh6 36. Ke4 b5 37. Kf5 g4 38. a3 Rd6 39. Kg5 Rd5+ 40. Kh4 a5 41. Nxh5 Nf4 42. Rxd5 Nxd5 43. Kxg4 Nxc3 44. Kf3 b4 45. Ke3 Nd1+ 46. Kd2 Nxb2 47. Ng3 bxa3 48. Kc2 Nd3 49. Kb1 c3 50. Ne2 c2+ 51. Ka2 c1Q 52. Nxc1 Nxc1+ 53. Kxa3 Ne2 54. g4 Kd7 0-1

[Event "Mecklenburg VP-ch Youth"]
[Site "Malchow"]
[Date "2017.02.12"]
[Round "5.1"]
[White "Schumann, Rabea"]
[Black "Focke, Adrian"]
[Result "1/2-1/2"]
[WhiteElo "1858"]
[BlackElo "1768"]
[PlyCount "80"]
[EventDate "2017.02.08"]
[EventType "swiss"]
[EventRounds "7"]
[EventCountry "GER"]
[SourceTitle "EXT 2022"]
[Source "ChessBase"]
[SourceDate "2021.10.06"]
[SourceVersion "1"]
[SourceVersionDate "2021.10.06"]
[SourceQuality "1"]

1. e4 c5 2. c4 Nc6 3. Nc3 e6 4. g3 Nf6 5. Bg2 Be7 6. Nge2 a6 7. d3 d6 8. 0-0 Qc7 9. f4 Bd7 10. a3 Rb8 11. f5 b5 12. fxe6 fxe6 13. cxb5 axb5 14. Be3 0-0 15. d4 b4 16. axb4 cxb4 17. Na4 Ra8 18. b3 Qa7 19. Nb2 Qc7 20. d5 exd5 21. exd5 Ne5 22. Rc1 Qb7 23. Nc4 Nxc4 24. Rxc4 Rfc8 25. Rxc8+ Rxc8 26. Qd2 Bd8 27. Kh1 Qb8 28. Ra1 Bb6 29. h3 Bxe3 30. Qxe3 Be8 31. Ra7 Rc7 32. Rxc7 Qxc7 33. Qc1 Qxc1+ 34. Nxc1 Bf7 35. Nd3 Bxd5 36. Bxd5+ Nxd5 37. Kg2 Kf7 38. Kf3 Ke6 39. g4 g6 40. Ke4 Nf6+ 1/2-1/2

[Event "Mecklenburg VP LL2 West 1617"]
[Site "Mecklenburg VP"]
[Date "2016.11.20"]
[Round "3.2"]
[White "Focke, Adrian"]
[Black "Kleinke, Uwe"]
[Result "1/2-1/2"]
[WhiteElo "1699"]
[BlackElo "1785"]
[PlyCount "68"]
[EventDate "2016.10.16"]
[EventType "team-tourn"]
[EventRounds "9"]
[EventCountry "GER"]
[SourceTitle "EXT 2022"]
[Source "ChessBase"]
[SourceDate "2021.10.06"]
[SourceVersion "1"]
[SourceVersionDate "2021.10.06"]
[SourceQuality "1"]
[WhiteTeam "Schwerin SF III"]
[BlackTeam "Schwerin SV Einheit"]
[WhiteTeamCountry "GER"]
[BlackTeamCountry "GER"]

1. e4 c5 2. Nf3 Nc6 3. d4 cxd4 4. Nxd4 d6 5. Nc3 g6 6. Be3 Bg7 7. Bc4 Nf6 8. Qd2 Ne5 9. Bb3 Neg4 10. Bg5 h6 11. Bh4 g5 12. Bg3 Nh5 13. f3 Nxg3 14. hxg3 Qb6 15. 0-0-0 Qxd4 16. Qxd4 Bxd4 17. Rxd4 Nf6 18. f4 gxf4 19. gxf4 Be6 20. Bxe6 fxe6 21. e5 dxe5 22. fxe5 Nd7 23. Rh5 0-0-0 24. Ne2 Rdg8 25. Nf4 Nf8 26. Rh3 Ng6 27. Rc3+ Kb8 28. Nxe6 Nxe5 29. Re4 Nc6 30. g3 Rg6 31. Rce3 Rhg8 32. Rf4 Rf6 33. Rh4 Rfg6 34. Rf4 a6 1/2-1/2

[Event "Mecklenburg VP LL2 West 1617"]
[Site "Mecklenburg VP"]
[Date "2016.11.06"]
[Round "2.2"]
[White "Goldbach, Aaron"]
[Black "Focke, Adrian"]
[Result "0-1"]
[WhiteElo "1804"]
[BlackElo "1699"]
[PlyCount "75"]
[EventDate "2016.10.16"]
[EventType "team-tourn"]
[EventRounds "9"]
[EventCountry "GER"]
[SourceTitle "EXT 2022"]
[Source "ChessBase"]
[SourceDate "2021.10.06"]
[SourceVersion "1"]
[SourceVersionDate "2021.10.06"]
[SourceQuality "1"]
[WhiteTeam "Mecklenburger Springer SC"]
[BlackTeam "Schwerin SF III"]
[WhiteTeamCountry "GER"]
[BlackTeamCountry "GER"]

1. d4 Nf6 2. Nf3 e6 3. Bf4 c5 4. e3 Nc6 5. c3 b6 6. Nbd2 Bb7 7. Bd3 Be7 8. h3 0-0 9. 0-0 cxd4 10. exd4 a6 11. a4 Nd5 12. Bg3 f5 13. Ne5 Nxe5 14. Bxe5 Bg5 15. Bd6 Rf6 16. Be2 Bf4 17. Bxf4 Nxf4 18. Bf3 Qc7 19. h4 Rg6 20. g3 Rb8 21. Bxb7 Qxb7 22. Qf3 Qc7 23. Rfe1 Nd5 24. Re5 Rf8 25. Kh2 Qd8 26. Qe2 f4 27. Ne4 Nf6 28. Nxf6+ Qxf6 29. Kh3 d6 30. Rh5 fxg3 31. fxg3 Qf2 32. Qxf2 Rxf2 33. Rb1 Rgf6 34. Rg5 h6 35. Rg4 d5 36. a5 b5 37. h5 Kh7 38. Rh4 0-1

[Event "Mecklenburg VP LL2 West 1617"]
[Site "Mecklenburg VP"]
[Date "2016.10.16"]
[Round "1.2"]
[White "Focke, Adrian"]
[Black "Jung, Werner"]
[Result "1-0"]
[WhiteElo "1699"]
[BlackElo "1884"]
[PlyCount "73"]
[EventDate "2016.10.16"]
[EventType "team-tourn"]
[EventRounds "9"]
[EventCountry "GER"]
[SourceTitle "EXT 2022"]
[Source "ChessBase"]
[SourceDate "2021.10.06"]
[SourceVersion "1"]
[SourceVersionDate "2021.10.06"]
[SourceQuality "1"]
[WhiteTeam "Schwerin SF III"]
[BlackTeam "Schwerin SF IV"]
[WhiteTeamCountry "GER"]
[BlackTeamCountry "GER"]

1. e4 d5 2. exd5 Nf6 3. d4 Nxd5 4. c4 Nb6 5. Nf3 Bg4 6. Be2 e6 7. 0-0 N8d7 8. c5 Nd5 9. a3 Be7 10. Qc2 c6 11. b4 a5 12. bxa5 Rxa5 13. Nbd2 Nf4 14. Bd1 Bf5 15. Qa2 Nd3 16. Bc2 Nb4 17. axb4 Rxa2 18. Rxa2 Bxc2 19. Rxc2 Nf6 20. Nc4 Nd5 21. Bd2 Qa8 22. Rcc1 Qa6 23. Nfe5 b6 24. Ra1 Qb7 25. cxb6 Nxb6 26. Nxb6 Qxb6 27. Ra8+ Bd8 28. Rfa1 0-0 29. Bc3 Qb5 30. R1a6 f6 31. Nxc6 Qd3 32. Be1 Qe2 33. Ra1 Bb6 34. R8a6 Bc7 35. Na7 Ra8 36. b5 Rb8 37. Nc6 1-0

[Event "GER-chT Lands U20"]
[Site "Hannover"]
[Date "2016.10.01"]
[Round "1.5"]
[White "Simon, Tessa"]
[Black "Focke, Adrian"]
[Result "1-0"]
[WhiteElo "1849"]
[BlackElo "1698"]
[PlyCount "55"]
[EventDate "2016.10.01"]
[EventType "team-swiss"]
[EventRounds "7"]
[EventCountry "GER"]
[SourceTitle "CBM 174 Extra"]
[Source "ChessBase"]
[SourceDate "2016.10.10"]
[SourceVersion "1"]
[SourceVersionDate "2016.10.10"]
[SourceQuality "1"]
[WhiteTeam "Sachsen"]
[BlackTeam "Mecklenburg Vorpommern"]
[WhiteTeamCountry "GER"]
[BlackTeamCountry "GER"]

1. e4 c5 2. Nf3 e6 3. d4 cxd4 4. Nxd4 a6 5. Nc3 Qc7 6. Be2 Nf6 7. 0-0 b5 8. Bf3 Bb7 9. e5 Ng8 10. Bf4 Ne7 11. Ndxb5 axb5 12. Nxb5 Qb6 13. Nd6+ Qxd6 14. exd6 Bxf3 15. Qxf3 Nec6 16. b4 Ra4 17. b5 Nd8 18. Rfc1 f6 19. Bg3 h5 20. h4 Rh6 21. c4 g5 22. Qb3 Ra8 23. c5 Bg7 24. c6 dxc6 25. bxc6 Nbxc6 26. Rxc6 Nxc6 27. Qb7 Rd8 28. Qxg7 1-0

[Event "Mecklenburg VP U16"]
[Site "Malchow"]
[Date "2016.02.02"]
[Round "3.3"]
[White "Focke, Adrian"]
[Black "Joers, Pia Milena"]
[Result "1-0"]
[WhiteElo "1693"]
[BlackElo "1565"]
[PlyCount "85"]
[EventDate "2016.02.02"]
[EventType "swiss"]
[EventRounds "7"]
[EventCountry "GER"]
[SourceTitle "EXT 2024"]
[Source "ChessBase"]
[SourceDate "2023.10.10"]
[SourceVersion "1"]
[SourceVersionDate "2023.10.10"]
[SourceQuality "1"]

1. e4 e5 2. Nf3 Nc6 3. d4 exd4 4. Nxd4 Bc5 5. Be3 Qf6 6. c3 Nge7 7. Bc4 d6 8. 0-0 0-0 9. Nc2 Ne5 10. Be2 Bb6 11. Nd2 Qg6 12. Bxb6 axb6 13. Ne3 Be6 14. f4 Qh6 15. Nc2 N5c6 16. Nd4 Bd7 17. Qe1 Nxd4 18. cxd4 Ra4 19. Qf2 Rfa8 20. a3 Nc6 21. Nb3 Qf6 22. Bb5 R4a7 23. Rac1 Rc8 24. d5 Nb8 25. Nd4 c6 26. Bd3 Na6 27. dxc6 bxc6 28. Nxc6 Rac7 29. Bxa6 Rxc6 30. Bxc8 Rxc8 31. Rxc8+ Bxc8 32. Qxb6 Qe7 33. Rc1 Bg4 34. Qb8+ Qf8 35. Qxf8+ Kxf8 36. Kf2 Ke7 37. Ke3 Be6 38. a4 d5 39. exd5 Bxd5 40. g3 Kd6 41. Rd1 Kc5 42. Rxd5+ Kxd5 43. b4 1-0

[Event "Mecklenburg VP-ch U14"]
[Site "Malchow"]
[Date "2014.02.03"]
[Round "4"]
[White "Focke, Adrian"]
[Black "Schluckner, Paul Leopold"]
[Result "1/2-1/2"]
[WhiteElo "1707"]
[BlackElo "1296"]
[PlyCount "46"]
[EventDate "2014.02.01"]
[EventType "swiss"]
[EventRounds "7"]
[EventCountry "GER"]
[SourceTitle "EXT 2017"]
[Source "ChessBase"]
[SourceDate "2016.10.25"]
[SourceVersion "1"]
[SourceVersionDate "2016.10.25"]
[SourceQuality "1"]

1. e4 e5 2. Nf3 Nc6 3. d4 exd4 4. Nxd4 g6 5. g3 Bg7 6. c3 Nf6 7. Bg2 0-0 8. 0-0 Re8 9. Re1 d5 10. Nxc6 bxc6 11. Bg5 Qd6 12. Nd2 dxe4 13. Nxe4 Nxe4 14. Rxe4 Bb7 15. Qe2 Rxe4 16. Qxe4 Qd5 17. Qxd5 cxd5 18. c4 c6 19. cxd5 cxd5 20. Rd1 Rc8 21. Bxd5 Bxd5 22. Rxd5 Bxb2 23. Be3 a6 1/2-1/2